20 clubs français par emoji - Statistiques

Statistiques générales
  • Ce quiz a été pris 72 fois
  • Le résultat moyen est 4 sur 20
Statistiques - réponses
Hint Réponse % Correct
🔵⚪🛳️ Marseille
59%
🔴🔵🐐 Paris SG
54%
⚪🔴🦁 Lyon
50%
⚪🟣🦅 Toulouse
43%
🔴⚫🕷️ Rennes
39%
🟢⚪🏝️ Saint-Étienne
36%
🔴⚪⚓ Brest
21%
🟡🔵🌊 Montpellier
21%
🔴⚫🐀 Nice
20%
🔴⚫🦊 Guingamp
16%
⚪🔵🐴 Auxerre
11%
⚪🔴🦢 Nîmes
9%
🔵⚪🐦 Strasbourg
9%
🟣⚪🏹 Metz
7%
🔵⚪🦁 Bastia
4%
🔵⚪🏰 Le Havre
4%
🔴⚪🌉 Reims
2%
🔵⚪🌲 Ajaccio
0%
🔴⚫🦓 Angers
0%
⚪🔵⚜️ Lille
0%
Aucun quiz correspondant
Distribution des résultats
% des personnes avec chaque résultat
Percentile par nombre de réponses
Votre historique - résultats
Vous n’avez pas pris ce quiz